Statystyki dla Wszyscy japońscy skoczkowie narciarscy w historii

Kliknij tutaj aby rozwiązać quiz!

Ogólne statystyki

  • Ten quiz został rozwiązany 22 razy
  • Średni wynik to 28 z 133

Statystyki odpowiedzi

Odpowiedź% Poprawnych
Daiki Ito
91%
Junshiro Kobayashi
91%
Kazuyoshi Funaki
91%
Kenshiro Ito
91%
Masamitsu Ito
91%
Naoto Ito
91%
Noriaki Kasai
91%
Ryoyu Kobayashi
91%
Takao Ito
91%
Akira Sato
82%
Keiichi Sato
82%
Masayuki Sato
82%
Yukiya Sato
82%
Motoyasu Takeuchi
64%
Takanobu Okabe
64%
Taku Takeuchi
64%
Takuya Takeuchi
64%
Masahiko Harada
55%
Yumu Harada
55%
Hideharu Miyahira
45%
Kazuhiro Nakamura
45%
Kento Sakuyama
45%
Naoki Nakamura
45%
Shohei Tochimoto
45%
Yataro Watase
45%
Yuta Watase
45%
Yuto Nakamura
45%
Fumihisa Yumoto
36%
Go Yamamoto
36%
Hiroaki Watanabe
36%
Manabu Nikaido
36%
Ren Nikaido
36%
Tatsuo Watanabe
36%
Tomofumi Naito
36%
Yukio Kasaya
36%
Akira Higashi
27%
Hiroya Saito
27%
Kazuhiro Higashi
27%
Kazuya Yoshioka
27%
Reruhi Shimizu
27%
Sadao Shimizu
27%
Sho Suzuki
27%
Shuji Endo
27%
Yuken Iwasa
27%
Asahi Sakano
18%
Chiharu Nishikata
18%
Hirokazu Yagi
18%
Hiroki Yamada
18%
Jinya Nishikata
18%
Kanta Takanashi
18%
Katsumi Yamada
18%
Masahiro Akimoto
18%
Suguru Miyazaki
18%
Tsuyoshi Ichinohe
18%
Yukio Sakano
18%
Daito Takahashi
9%
Fumio Asaki
9%
Goro Adachi
9%
Hiroyasu Aizawa
9%
Iwao Miyajima
9%
Jun Shibuya
9%
Kazuki Nishishita
9%
Keita Umezaki
9%
Kozo Kawashima
9%
Makkusu Koga
9%
Masahiko Takahashi
9%
Motohiko Ban
9%
Ryuji Takahashi
9%
Seiji Aochi
9%
Shinichi Tanaka
9%
Shinnosuke Fujita
9%
Shotaro Hosoda
9%
Teppei Takano
9%
Tokio Kubo
9%
Tomoharu Yokokawa
9%
Tsubasa Chonan
9%
Yoshikazu Norota
9%
Yuji Ashimoto
9%
Yukitaka Fukita
9%
Yusuke Kaneko
9%
Akitsugu Konno
0%
Daijiro Higuchi
0%
Daimatsu Takehana
0%
Hiroo Shima
0%
Hiroshi Yoshizawa
0%
Hisaki Nagamine
0%
Hitoshi Sakurai
0%
Homare Kishimoto
0%
Jiro Kamiharako
0%
Katsutochi Chiba
0%
Kenji Suda
0%
Koji Kakuta
0%
Masaji Iguro
0%
Masaru Nagaoka
0%
Matsutaro Wakamoto
0%
Minato Mabuchi
0%
Minoru Wakasa
0%
Mitsutake Makita
0%
Motoshi Iwasaki
0%
Naoki Shimura
0%
Naoki Yasuzaki
0%
Naoya Toyama
0%
Nobuo Nakatsu
0%
Norihito Kanno
0%
Noritaka Kasama
0%
Rikio Yoshida
0%
Ritsuta Sugiyama
0%
Ryohei Nishimori
0%
Ryusei Ikeda
0%
Sakae Tsuruga
0%
Satoru Matsuhashi
0%
Shigeyuki Wakasa
0%
Shingo Ueno
0%
Shinya Sasaki
0%
Shohei Sakaguchi
0%
Shunji Tatsuta
0%
Shusaku Hosoyama
0%
Sota Kudo
0%
Sota Okamura
0%
Takafumi Kawabata
0%
Takashi Fujisawa
0%
Takashi Matsui
0%
Takayuki Sasaki
0%
Terumi Hashimoto
0%
Toshihiro Hanada
0%
Yasuhiko Ota
0%
Yasuhiro Shibata
0%
Yoichi Takata
0%
Yoshihiko Osanai
0%
Yoshitaru Ikeda
0%
Yosuke Eto
0%
Yuji Kawamura
0%
Yuzo Ikeda
0%

Rozkład punktacji

Percentyl według liczby udzielonych odpowiedzi

Procent ludzi z każdym wynikiem

Twoja historia wyników

Nie rozwiązałeś tego quizu